00876cam a22002415a 450000500170000000800410001701000140005802000260007203500130009803700130011104000130012408200140013710000180015124500730016926000500024227000580029230000270035050000400037752000260041794200280044399900170047195201460048820091103014612.0090911s2009 ii ab b 100 0 eng d aENG-95344 a9788131307052c495.00 aEN-78877 aDBAD/PUB aDPLbeng a488.02465 aJameel Ahmad, aTeaching of scientific English :cby Jameel Ahmadban EST approach / aNew Delhi :bAPH Publishing Corporationc2010 a4435-36/7. Ansari road, Darya GanjbNew Delhie110002 axii,166p.c22 cm. (Hb) aIncludes bibliographical references aContributed articles. 2ddccENmJAMh488.02465 c31430d31430 00102ddc40718NFICaDBADbDBADd2009-11-05eDBAD / PUBg495.00l0o488.02465 JAMpEN-78877r2009-11-05 00:00:00t1v495.00w2009-11-05yEN